00521nam a22001697a 450000500170000001000150001702000260003203500130005803700130007108200100008410000170009424500640011126000330017527000700020830000230027850000500030120150622144006.0 aENG-112992 a9789382420354c900.00 aEN-96524 bDBAD/PUB a341.3 aSudhir Kumar aInternational relations and human rights /cby Sudhir Kumar bKunal Booksc2013aNew Delhi b New Delhie110002a4648/21, First Floor, Ansari Road, Daryaganj, avi,280p.c22cm(Hb) aIncludes bibliographical references and index